Schaum's outline of theory and porblems of statistics (Record no. 7820)

000 -LEADER
fixed length control field 00583nam a22002177a 4500
001 - CONTROL NUMBER
control field 7820
003 - CONTROL NUMBER IDENTIFIER
control field BD-DhUET
008 - FIXED-LENGTH DATA ELEMENTS--GENERAL INFORMATION
fixed length control field 141213b xxu||||| |||| 00| 0 eng d
020 ## - INTERNATIONAL STANDARD BOOK NUMBER
International Standard Book Number 070602271
020 ## - INTERNATIONAL STANDARD BOOK NUMBER
International Standard Book Number 0070990085
040 ## - CATALOGING SOURCE
Transcribing agency 0
Modifying agency BD-DhUET
082 ## - DEWEY DECIMAL CLASSIFICATION NUMBER
Classification number 519.9
Item number SPI/1961
100 ## - MAIN ENTRY--PERSONAL NAME
Personal name Spiegel, Murray R.
245 ## - TITLE STATEMENT
Title Schaum's outline of theory and porblems of statistics
Statement of responsibility, etc. in SI units
250 ## - EDITION STATEMENT
Edition statement 1st ed.
260 ## - PUBLICATION, DISTRIBUTION, ETC. (IMPRINT)
Place of publication, distribution, etc. New York
Name of publisher, distributor, etc. McGraw-Hill
Date of publication, distribution, etc. 1961
300 ## - PHYSICAL DESCRIPTION
Extent vii, 359p.
Other physical details ill.
Dimensions 35 cm.
490 ## - SERIES STATEMENT
Series statement Schau's outline series
650 #0 - SUBJECT ADDED ENTRY--TOPICAL TERM
Topical term or geographic name as entry element Statistical mathematics
942 ## - ADDED ENTRY ELEMENTS (KOHA)
Koha item type General Book
Holdings
Koha full call number Damaged status Source of classification or shelving scheme Not for loan Piece designation (barcode) Price effective from Koha item type Withdrawn status Date acquired Location (home branch) Koha normalized classification for sorting Koha date last seen Shelving location Lost status Copy number Sublocation or collection (holding branch)
519.9/SPI/1961   318352014-12-13General Book 2014-12-13Central Library, BUET519_900000000000000_SPI_19612014-12-13Circulation section 1Central Library, BUET
519.9/SPI/1961   318552014-12-13General Book 2014-12-13Central Library, BUET519_900000000000000_SPI_19612014-12-13Circulation section 2Central Library, BUET
519.9/SPI/1961   318422014-12-13General Book 2014-12-13Central Library, BUET519_900000000000000_SPI_19612014-12-13Circulation section 3Central Library, BUET
519.9/SPI/1961   318242014-12-13General Book 2014-12-13Central Library, BUET519_900000000000000_SPI_19612014-12-13Circulation section 4Central Library, BUET
519.9/SPI/1961   318142014-12-13General Book 2014-12-13Central Library, BUET519_900000000000000_SPI_19612014-12-13Circulation section 5Central Library, BUET
519.9/SPI/1961   318412014-12-13General Book 2014-12-13Central Library, BUET519_900000000000000_SPI_19612014-12-13Circulation section 6Central Library, BUET
519.9/SPI/1961   318182014-12-13General Book 2014-12-13Central Library, BUET519_900000000000000_SPI_19612014-12-13Circulation section 7Central Library, BUET
519.9/SPI/1961   318612014-12-13General Book 2014-12-13Central Library, BUET519_900000000000000_SPI_19612014-12-13Circulation section 8Central Library, BUET
519.9/SPI/1961   318232014-12-13General Book 2014-12-13Central Library, BUET519_900000000000000_SPI_19612014-12-13Circulation section 9Central Library, BUET
519.9/SPI/1961   318622014-12-13General Book 2014-12-13Central Library, BUET519_900000000000000_SPI_19612014-12-13Circulation section 10Central Library, BUET
519.9/SPI/1961   318562014-12-13General Book 2014-12-13Central Library, BUET519_900000000000000_SPI_19612014-12-13Circulation section 11Central Library, BUET
519.9/SPI/1961   313872015-07-09Reading Item 2015-07-09Central Library, BUET519_900000000000000_SPI_19612015-07-09Reading section 12Central Library, BUET